| 000 | 00498 a2200181 4500 | ||
|---|---|---|---|
| 005 | 20250618143107.0 | ||
| 020 | _a978-0-70217-281-6 | ||
| 082 | _a658.8 SMI | ||
| 100 | _aSMIT,P.J. | ||
| 245 | _aManagement Principles: A Contemporary Edition for Africa | ||
| 250 | _a5th Ed. | ||
| 260 |
_aCape Town _bJuta and Company Ltd, _c2011. |
||
| 300 |
_axvii,525p.:ill.;figures _bBibliography and Index _c24.5cm |
||
| 700 | _aCronje,G.J. | ||
| 700 | _aBrevis,T. | ||
| 700 | _aVrba,M.J. | ||
| 942 |
_2ddc _cBKS |
||
| 999 |
_c4315 _d4315 |
||